000 00584nam a2200217Ia 4500
001 15028
003 GE_BSU
008 181216s||||||||xx |||||||||||||| ||und||
020 _a5-211020774
040 _cGE_BSU
080 _a519.6
100 _aВабищевич,П.Н.
245 _aЧисленное моделирование
245 _cПод.ред.А.А.Самарского
260 _aМосква
260 _bПросвещение.
260 _c1993
300 _a152стр.21см.
653 _aЧисленное моделирование
942 _cBK
999 _c48146
_d48146